Eminem: "Rap God" Fast Verse Lyrics - Statistics

General Stats
  • This quiz has been taken 350 times
  • The average score is 52 of 94
Answer Stats
Lyrics % Correct
a
92%
I
90%
you
85%
I'm
83%
to
83%
it
80%
do
79%
what
79%
get
76%
superhuman?
76%
gotta
72%
through
72%
and
71%
So
71%
assumin'
70%
of
70%
human
68%
the
67%
me
66%
that
66%
say
65%
music
64%
elevator
63%
it's
63%
made
63%
off
62%
rubber
62%
make
61%
be
60%
Innovative
60%
they
60%
ever
59%
like
59%
anything
58%
audience
58%
is
58%
too
58%
How
57%
For
56%
more
56%
than
56%
are
55%
can
55%
glue
55%
know
55%
levitating
55%
mainstream
55%
Never
55%
elevating
54%
feelin'
54%
give
54%
Oh,
54%
fell
53%
haters
53%
he's
53%
waiting
53%
day
52%
way
52%
celebrating
51%
demonstrating
51%
forever
51%
'Cause
49%
hip-hop,
49%
not
49%
ricochetin'
49%
'em
48%
pop,
48%
fading,
47%
that's
47%
it'll
46%
motivated
46%
when
45%
devastating,
44%
they'll
44%
duma
42%
confuse
41%
rap
41%
Uh,
41%
fuse
39%
jealous,
39%
Well,
39%
found
38%
hella'
38%
lama
38%
sama
36%
with
36%
on
32%
"Lose
31%
lose
31%
rock,
31%
Yourself"
30%
Doc
29%
shock
26%
Throw
23%
No matching quizzes found
Score Distribution
Percent of People with Each Score
Percentile by Number Answered
Your Score History
You have not taken this quiz